| 000 | 00667nam a2200205 a 4500 | ||
|---|---|---|---|
| 005 | 20241107063726.0 | ||
| 008 | 991125s1970 mx 000 0 spa u | ||
| 035 | _aUPN01000010503 | ||
| 049 | _aCG | ||
| 050 | 4 |
_aLB1578 A2 _bE2.2 |
|
| 100 | 1 | _aEchegoyen de Cañizares, Ana | |
| 245 | 1 | 3 |
_aLa comunidad : _blibro cuarto / _cAna Echegoyen de C. y Jesús Isaís Reyes. |
| 260 |
_aPátzcuaro, Mich. : _bCREFAL, _c[197-?]. |
||
| 300 | _a27 p. | ||
| 500 | _aDisponible en la Colección Medina | ||
| 650 | 4 |
_aCartillas (Lectura elemental) _91832 |
|
| 650 | 4 |
_aComunidad, Vida de _911476 |
|
| 700 | 1 |
_aIsais Reyes, Jesús María, _dn. 1901 _ecoaut. _928921 |
|
| 905 | _aLibro | ||
| 999 |
_c10503 _d10503 |
||